Pokémon - Les attaques de Vaututrice - Statistiques

Statistiques générales
  • Ce quiz a été pris 16 fois
  • Le résultat moyen est 8 sur 17
Statistiques - réponses
Niveaux Types Noms des attaques % Correct
Niveau 48 Ténèbres Vibrobscur
100%
Niveau 80 Vol Rapace
71%
Niveau 18 Vol Vent Arrière
71%
Niveau 64 Vol Anti-Brume
57%
Départ Évolution Sol Charge Os
57%
Niveau 42 Vol Lame d'Air
57%
Départ Vol Picore
57%
Départ Poison Toxik
57%
Niveau 24 Ténèbres Sabotage
43%
Départ Vol Tornade
43%
Niveau 36 Normal Cyclone
29%
Départ Normal Groz'Yeux
29%
Niveau 57 Ténèbres Machination
29%
Niveau 30 Acier Mur de Fer
29%
Départ Vol Piqué
29%
Départ Ténèbres Flatterie
14%
Niveau 72 Normal Attraction
0%
Aucun quiz correspondant
Distribution des résultats
% des personnes avec chaque résultat
Percentile par nombre de réponses
Votre historique - résultats
Vous n’avez pas pris ce quiz